<?xml version="1.0" encoding="UTF-8"?>
<collection xmlns="http://www.loc.gov/MARC21/slim">
 <record>
  <leader>01536nam a22002655a 4500</leader>
  <controlfield tag="001">CEM.cems011894</controlfield>
  <controlfield tag="008">130507s2005##################000#0#####d</controlfield>
  <controlfield tag="005">20260420143255.0</controlfield>
  <datafield tag="245" ind1="1" ind2="0">
   <subfield code="a">El turno del escriba /</subfield>
   <subfield code="c">Graciela Montes y Ema Wolf</subfield>
  </datafield>
  <datafield tag="260" ind1=" " ind2=" ">
   <subfield code="a">Buenos Aires :</subfield>
   <subfield code="b">Alfaguara,</subfield>
   <subfield code="c">2005</subfield>
  </datafield>
  <datafield tag="300" ind1=" " ind2=" ">
   <subfield code="a">260p.</subfield>
  </datafield>
  <datafield tag="505" ind1="0" ind2=" ">
   <subfield code="a">En 1298, Rustichello de Pisa vive su decimocuarto año como rehén de guerra de los genoveses. Este escribano viejo y cansado alguna vez copió manuscritos para las casas reales más grandes de Europa, pero ningún monarca parece ahora interesado en pagar su rescate.Su destino cambia cuando un nuevo prisionero viene a compartir su celda. Es Marco Polo, el viajero veneciano que llegó a los confines del Oriente. Rustichello adivina enseguida el tesoro que tiene entre manos, y así da comienzo a una epopeya secreta y grandiosa: la redacción, a partir de los relatos de Marco Polo, de una obra que le atraerá de nuevo el favor de los príncipes cristianos, el Libro de las maravillas del mundo.</subfield>
  </datafield>
  <datafield tag="020" ind1=" " ind2=" ">
   <subfield code="a">9870400981</subfield>
  </datafield>
  <datafield tag="100" ind1="1" ind2=" ">
   <subfield code="a">Montes, Graciela</subfield>
  </datafield>
  <datafield tag="700" ind1="1" ind2=" ">
   <subfield code="a">Wolf, Ema</subfield>
  </datafield>
  <datafield tag="082" ind1="0" ind2="4">
   <subfield code="a">A863.4</subfield>
  </datafield>
  <datafield tag="653" ind1=" " ind2=" ">
   <subfield code="a">Literatura</subfield>
  </datafield>
  <datafield tag="653" ind1=" " ind2=" ">
   <subfield code="a">Literatura argentina siglo xxi</subfield>
  </datafield>
  <datafield tag="653" ind1=" " ind2=" ">
   <subfield code="a">Novelas</subfield>
  </datafield>
  <datafield tag="653" ind1=" " ind2=" ">
   <subfield code="a">Novelas argentinas siglo xxi</subfield>
  </datafield>
  <datafield tag="653" ind1=" " ind2=" ">
   <subfield code="a">Novela histórica</subfield>
  </datafield>
  <datafield tag="653" ind1=" " ind2=" ">
   <subfield code="a">Edad media</subfield>
  </datafield>
  <datafield tag="859" ind1=" " ind2=" ">
   <subfield code="a">CEMS</subfield>
   <subfield code="b">BIB. CEMS - 11 de abril</subfield>
   <subfield code="h">A863.4</subfield>
   <subfield code="i">M764-4</subfield>
   <subfield code="p">22982.05</subfield>
   <subfield code="t">Ej.1</subfield>
  </datafield>
  <datafield tag="859" ind1=" " ind2=" ">
   <subfield code="a">CEMS</subfield>
   <subfield code="b">BIB. CEMS - 11 de abril</subfield>
   <subfield code="h">A863.4</subfield>
   <subfield code="i">M764-4</subfield>
   <subfield code="p">22983.05</subfield>
   <subfield code="t">Ej.2</subfield>
  </datafield>
  <datafield tag="859" ind1=" " ind2=" ">
   <subfield code="a">CEMS</subfield>
   <subfield code="b">BIB. CEMS - 11 de abril</subfield>
   <subfield code="h">A863.4</subfield>
   <subfield code="i">M764-4</subfield>
   <subfield code="p">25205.08</subfield>
   <subfield code="t">Ej.3</subfield>
  </datafield>
 </record>
</collection>
